[Event "Thanet op"]
[Site "Thanet"]
[Date "2017.08.18"]
[Round "1.1"]
[White "Merry, Alan"]
[Black "De Coverly, Roger"]
[Result "1-0"]
[WhiteElo "2423"]
[BlackElo "1954"]
[PlyCount "55"]
[EventDate "2017.08.18"]
[EventType "swiss"]
[EventRounds "5"]
[EventCountry "ENG"]
[SourceDate "2017.08.28"]

1. e4 c5 2. Nc3 e6 3. Nge2 Nc6 4. g3 Nf6 5. Bg2 d6 6. O-O Be7 7. d3 O-O 8. h3
a6 9. f4 Qc7 10. g4 Nd7 11. Ng3 b5 12. Be3 Bb7 13. g5 b4 14. Nce2 Rfe8 15. f5
Bf8 16. Nf4 Nb6 17. g6 hxg6 18. fxg6 fxg6 19. Nxg6 Ne7 20. Qh5 Nxg6 21. Qxg6
Re7 22. Nh5 Nd7 23. Bg5 Rae8 24. Bxe7 Rxe7 25. Rf2 d5 26. Raf1 Qe5 27. Nf6+
Nxf6 28. Rxf6 1-0

[Event "Thanet op"]
[Site "Thanet"]
[Date "2017.08.18"]
[Round "1.2"]
[White "Bowmer, Kevin"]
[Black "Bates, Richard"]
[Result "1-0"]
[WhiteElo "2041"]
[BlackElo "2387"]
[PlyCount "87"]
[EventDate "2017.08.18"]
[EventType "swiss"]
[EventRounds "5"]
[EventCountry "ENG"]
[SourceDate "2017.08.28"]

1. e4 c5 2. Nf3 d6 3. d4 cxd4 4. Nxd4 Nf6 5. Nc3 a6 6. f3 e5 7. Nb3 Be6 8. Be3
Be7 9. Qd2 O-O 10. O-O-O a5 11. Bb5 Na6 12. Qe2 Qb8 13. g4 Rc8 14. g5 Nh5 15.
Kb1 Nc7 16. Ba4 Nf4 17. Bxf4 exf4 18. h4 b5 19. Nxb5 Nxb5 20. Qxb5 Qa7 21. Qe2
Rc4 22. Bb5 {(=)} a4 23. Bxc4 axb3 24. cxb3 Qxa2+ 25. Kc2 Rc8 26. Rd5 Bxd5 27.
exd5 Bf8 28. h5 g6 29. h6 Qa7 30. Re1 Rc7 31. Qd2 Re7 32. b4 Re3 33. Rxe3 fxe3
34. Qd3 Qa4+ {(=)} 35. Qb3 Qa7 36. Kd1 Qd4+ 37. Bd3 Qh4 38. b5 Qxg5 39. Be2
Qg1+ 40. Kc2 Bxh6 41. b6 Qe1 42. Qb5 Qd2+ 43. Kb1 Qe1+ 44. Ka2 1-0

[Event "Thanet op"]
[Site "Thanet"]
[Date "2017.08.18"]
[Round "1.3"]
[White "Taylor, Martin R"]
[Black "Faldon, David"]
[Result "1-0"]
[WhiteElo "2367"]
[BlackElo "1911"]
[PlyCount "79"]
[EventDate "2017.08.18"]
[EventType "swiss"]
[EventRounds "5"]
[EventCountry "ENG"]
[SourceDate "2017.08.28"]

1. d4 e6 2. c4 f5 3. g3 Nf6 4. Bg2 d5 5. Nf3 c6 6. O-O Bd6 7. Qc2 O-O 8. Ne5
Nbd7 9. Nd3 Qe7 10. Bf4 e5 11. dxe5 Nxe5 12. Nd2 dxc4 13. Nxe5 Bxe5 14. Bxe5
Qxe5 15. Nxc4 Qc7 16. e3 Be6 17. b4 Ne4 18. Rfd1 Bd5 19. Na5 Qf7 20. Nb3 Bxb3
21. axb3 Rfe8 22. Rd4 Qe7 23. Rad1 Rad8 24. Rxd8 Rxd8 25. Rxd8+ Qxd8 26. Bxe4
fxe4 27. Qxe4 h6 28. Kg2 Qd6 29. Qd4 Qe7 30. h4 Kh8 31. e4 b6 32. e5 c5 33. Qd6
Qb7+ 34. Kg1 Qe4 35. bxc5 Qe1+ 36. Kg2 Qe4+ 37. Kh2 Qe2 38. Qf8+ Kh7 39. Qf5+
Kg8 40. e6 1-0

[Event "Thanet op"]
[Site "Thanet"]
[Date "2017.08.18"]
[Round "1.4"]
[White "McBride, Nick"]
[Black "Hand, Freddie"]
[Result "0-1"]
[WhiteElo "1900"]
[BlackElo "2138"]
[PlyCount "72"]
[EventDate "2017.08.18"]
[EventType "swiss"]
[EventRounds "5"]
[EventCountry "ENG"]
[SourceDate "2017.08.28"]

1. d4 d5 2. c4 c6 3. cxd5 cxd5 4. Nc3 Nf6 5. Bf4 Qb6 6. Rc1 Bd7 7. e3 Qxb2 8.
Nge2 Qa3 9. Rb1 b6 10. Qc2 Qa5 11. Bxb8 Rxb8 12. f3 e6 13. Kf2 Bb4 14. Qb3 Bd6
15. g4 O-O 16. g5 Ne8 17. Bh3 Rb7 18. f4 Be7 19. Bg2 Nd6 20. h4 Nc4 21. Qd1 Rc7
22. h5 b5 23. g6 fxg6 24. Nxd5 exd5 25. Bxd5+ Kh8 26. hxg6 h6 27. Qg1 Bf6 28.
Qg3 Nd2 29. Rbg1 Be6 30. Rxh6+ gxh6 31. Qh2 Bg7 32. Bxe6 Rc2 33. Qg2 Nc4 34.
Rh1 Rxe2+ 35. Kxe2 Qd2+ 36. Kf3 Qxe3+ 0-1

[Event "Thanet op"]
[Site "Thanet"]
[Date "2017.08.18"]
[Round "1.5"]
[White "Spink, Benjamin N"]
[Black "Ilinca, Cristian"]
[Result "1/2-1/2"]
[WhiteElo "2110"]
[BlackElo "1692"]
[PlyCount "55"]
[EventDate "2017.08.18"]
[EventType "swiss"]
[EventRounds "5"]
[EventCountry "ENG"]
[SourceDate "2017.08.28"]

1. d4 e6 2. Nf3 Nf6 3. Bf4 c5 4. e3 Qb6 5. Na3 d5 6. Nb5 Na6 7. Ne5 Bd7 8. a4
c4 9. Nxd7 Nxd7 10. Be2 Be7 11. O-O O-O 12. c3 Rfc8 13. b3 Nab8 14. bxc4 dxc4
15. Qc2 a6 16. Na3 Qb3 17. Rfb1 Qxc2 18. Nxc2 b6 19. Nb4 Bd8 20. e4 Nc6 21.
Nxc6 Rxc6 22. e5 Rcc8 23. g4 Be7 24. Kg2 Rab8 25. Be3 g5 26. Bf3 h6 27. Be4 f6
28. f4 1/2-1/2

[Event "Thanet op"]
[Site "Thanet"]
[Date "2017.08.18"]
[Round "1.6"]
[White "Cove, Henry"]
[Black "Kemp, Paul R"]
[Result "0-1"]
[WhiteElo "1900"]
[BlackElo "2071"]
[PlyCount "84"]
[EventDate "2017.08.18"]
[EventType "swiss"]
[EventRounds "5"]
[EventCountry "ENG"]
[SourceDate "2017.08.28"]

1. d4 d5 2. c4 c6 3. Nf3 Nf6 4. e3 e6 5. b3 Nbd7 6. Bb2 Bd6 7. Bd3 Qe7 8. Nbd2
e5 9. dxe5 Nxe5 10. Nxe5 Bxe5 11. Qc2 O-O 12. Nf3 Qb4+ 13. Nd2 Bxb2 14. Qxb2
dxc4 15. Bxc4 Rd8 16. a3 Qa5 17. b4 Qg5 18. O-O-O Be6 19. Bxe6 fxe6 20. h4 Qd5
21. h5 a5 22. Rh4 axb4 23. Rxb4 Qxh5 24. g4 Qc5+ 25. Kb1 Rd3 26. Rc1 Qd5 27.
Nb3 b5 28. Rc2 Qh1+ 29. Rc1 Rd1 30. Ka2 Nd5 31. Rd4 Rxc1 32. Qxc1 Qxc1 33. Nxc1
b4 34. e4 Rxa3+ 35. Kb2 c5 36. Rd2 Nf6 37. Rc2 Rc3 38. f3 Rxc2+ 39. Kxc2 Nd7
40. Kb3 Kf7 41. Kc4 Kf6 42. Nd3 Ne5+ 0-1

[Event "Thanet op"]
[Site "Thanet"]
[Date "2017.08.19"]
[Round "2.1"]
[White "Hand, Freddie"]
[Black "Merry, Alan"]
[Result "1/2-1/2"]
[WhiteElo "2138"]
[BlackElo "2423"]
[PlyCount "138"]
[EventDate "2017.08.18"]
[EventType "swiss"]
[EventRounds "5"]
[EventCountry "ENG"]
[SourceDate "2017.08.28"]

1. d4 e6 2. c4 b6 3. e4 Bb7 4. Bd3 Bb4+ 5. Bd2 Bxd2+ 6. Nxd2 Nf6 7. Ngf3 d6 8.
O-O Nbd7 9. a3 e5 10. d5 O-O 11. b4 Nh5 12. Nb3 Nf4 13. c5 Nf6 14. Rc1 Nxd3 15.
Qxd3 Bxd5 16. exd5 e4 17. Qe3 exf3 18. Qxf3 dxc5 19. Rfd1 cxb4 20. axb4 Re8 21.
Rd4 Qd6 22. g3 Rad8 23. Ra1 Nxd5 24. Rxa7 Re1+ 25. Kg2 h6 26. Ra2 c6 27. Rad2
b5 28. Na5 Rde8 29. R2d3 Rb1 30. Nxc6 Qxc6 31. Qxd5 Qxd5+ 32. Rxd5 Rxb4 33. Rd8
Rxd8 34. Rxd8+ Kh7 35. h4 Rc4 36. Rb8 Rc5 37. Rb6 g6 38. g4 Kg7 39. Kg3 h5 40.
f3 Kf8 41. Rb7 Ke8 42. Kf4 f6 43. gxh5 Rxh5 44. Kg4 Rc5 45. f4 Kf8 46. Rb6 Ke7
47. Rb7+ Ke6 48. Rb6+ Kf7 49. Rb7+ Kf8 50. Kg3 f5 51. Kf3 Rc3+ 52. Kg2 Rb3 53.
Rb6 Kg7 54. Kf2 Kh6 55. Kg2 b4 56. Kf2 Kh5 57. Kg2 Rb1 58. Kg3 b3 59. Rb8 Kh6
60. Rh8+ Kg7 61. Rb8 Kf7 62. Kg2 Ke6 63. Rb6+ Kd5 64. Rxg6 Ke4 65. h5 Rc1 66.
Rb6 Rc2+ 67. Kg3 Rc3+ 68. Kh4 Kxf4 69. h6 Rc1 1/2-1/2

[Event "Thanet op"]
[Site "Thanet"]
[Date "2017.08.19"]
[Round "2.2"]
[White "Kemp, Paul R"]
[Black "Taylor, Martin R"]
[Result "0-1"]
[WhiteElo "2071"]
[BlackElo "2367"]
[PlyCount "82"]
[EventDate "2017.08.18"]
[EventType "swiss"]
[EventRounds "5"]
[EventCountry "ENG"]
[SourceDate "2017.08.28"]

1. e4 Nf6 2. e5 Nd5 3. d4 d6 4. Nf3 dxe5 5. Nxe5 c6 6. Be2 Bf5 7. O-O Nd7 8.
Nf3 e6 9. c4 N5f6 10. Bf4 Be7 11. Nc3 Ne4 12. Nxe4 Bxe4 13. Bd3 Bxf3 14. Qxf3
O-O 15. Rfe1 Bf6 16. Rad1 Qb6 17. d5 cxd5 18. cxd5 e5 19. Be3 Qd6 20. h4 a6 21.
h5 g6 22. Bc4 Rac8 23. Rc1 Rc7 24. Bb3 Rfc8 25. Rxc7 Rxc7 26. Qe4 Bg7 27. hxg6
hxg6 28. f4 f5 29. fxe5 Bxe5 30. Qh4 Nf6 31. Bd4 Re7 32. Bxe5 Rxe5 33. Rxe5
Qxe5 34. Qc4 Kg7 35. d6 Qe3+ 36. Kf1 Ne4 37. Qf7+ Kh6 38. Qf8+ Kg5 39. Qe7+ Kg4
40. Bd1+ Kg3 41. Qe5+ f4 0-1

[Event "Thanet op"]
[Site "Thanet"]
[Date "2017.08.19"]
[Round "2.3"]
[White "Ilinca, Cristian"]
[Black "Bowmer, Kevin"]
[Result "1-0"]
[WhiteElo "1692"]
[BlackElo "2041"]
[PlyCount "55"]
[EventDate "2017.08.18"]
[EventType "swiss"]
[EventRounds "5"]
[EventCountry "ENG"]
[SourceDate "2017.08.28"]

1. Nf3 Nf6 2. e3 g6 3. b3 Bg7 4. Bb2 O-O 5. Be2 b6 6. c4 c5 7. Nc3 Bb7 8. O-O
e6 9. Rb1 Nc6 10. a3 Rc8 11. d4 d5 12. dxc5 bxc5 13. cxd5 exd5 14. Na4 Qe7 15.
Bxf6 Bxf6 16. Qxd5 Nd4 17. Qc4 Nxe2+ 18. Qxe2 g5 19. Rfd1 g4 20. Nd2 Kh8 21.
Nb2 Rg8 22. Nbc4 Rg6 23. Qd3 Rd8 24. Qc2 Bf3 25. gxf3 gxf3+ 26. Kh1 Rg2 27.
Nxf3 Rdg8 28. Rg1 1-0

[Event "Thanet op"]
[Site "Thanet"]
[Date "2017.08.19"]
[Round "2.4"]
[White "Bates, Richard"]
[Black "Spink, Benjamin N"]
[Result "1/2-1/2"]
[WhiteElo "2387"]
[BlackElo "2110"]
[PlyCount "42"]
[EventDate "2017.08.18"]
[EventType "swiss"]
[EventRounds "5"]
[EventCountry "ENG"]
[SourceDate "2017.08.28"]

1. d4 g6 2. Nf3 Bg7 3. g3 f5 4. Bg2 Nf6 5. O-O O-O 6. b3 a5 7. c4 c6 8. Nc3 Na6
9. Bb2 d6 10. Rc1 Bd7 11. d5 Qe8 12. Na4 cxd5 13. Nb6 Rb8 14. cxd5 Nc5 15. Bc3
a4 16. b4 Nce4 17. Bd4 Bb5 18. Rc2 g5 19. Qc1 Qh5 20. Re1 Bh6 21. Qb2 f4
1/2-1/2

[Event "Thanet op"]
[Site "Thanet"]
[Date "2017.08.19"]
[Round "2.5"]
[White "De Coverly, Roger"]
[Black "McBride, Nick"]
[Result "1/2-1/2"]
[WhiteElo "1954"]
[BlackElo "1900"]
[PlyCount "121"]
[EventDate "2017.08.18"]
[EventType "swiss"]
[EventRounds "5"]
[EventCountry "ENG"]
[SourceDate "2017.08.28"]

1. e4 e5 2. Nf3 Nc6 3. Bb5 f5 4. d3 fxe4 5. dxe4 d6 6. O-O Nf6 7. Nc3 Be7 8. h3
O-O 9. a3 Qe8 10. Nd5 Bd8 11. Nxf6+ Bxf6 12. Qd3 Kh8 13. c3 Qg6 14. Kh1 Nd8 15.
Ng1 Ne6 16. b4 a5 17. Rb1 axb4 18. axb4 Nf4 19. Bxf4 exf4 20. Qf3 Qg5 21. Bc4
Be5 {(=)} 22. Ne2 h5 23. Nd4 Ra3 24. Qd3 c5 25. bxc5 Bxd4 26. Qxd4 dxc5 27. Qd5
Qxd5 28. Bxd5 Rxc3 29. Bxb7 Bxb7 30. Rxb7 f3 31. g3 Re8 32. Rd1 Rc2 33. Kg1
Rxe4 34. Rf7 c4 35. Rxf3 c3 36. Rd8+ Kh7 37. Rc8 Rc1+ 38. Kg2 c2 39. Rfc3 Re7
40. h4 Re2 41. Kf3 Re7 42. Rxc2 Rf7+ 43. Kg2 Ra1 44. R8c5 g6 45. Rc7 Ra7 46.
Rxa7 Rxa7 47. Rc3 Kg7 48. Kf3 Rf7+ 49. Ke2 Rf5 50. f3 Rf7 51. Rc4 Ra7 52. Ke3
Rf7 53. Rc5 Kh7 54. Ke4 Kg7 55. f4 Re7+ 56. Re5 Ra7 57. f5 Ra4+ 58. Kf3 Kf6 59.
Rb5 Ra3+ 60. Kf4 Ra4+ 61. Kf3 1/2-1/2

[Event "Thanet op"]
[Site "Thanet"]
[Date "2017.08.19"]
[Round "2.6"]
[White "Faldon, David"]
[Black "Cove, Henry"]
[Result "1/2-1/2"]
[WhiteElo "1911"]
[BlackElo "1900"]
[PlyCount "112"]
[EventDate "2017.08.18"]
[EventType "swiss"]
[EventRounds "5"]
[EventCountry "ENG"]
[SourceDate "2017.08.28"]

1. c4 e5 2. Nc3 Nf6 3. Nf3 Nc6 4. e3 d5 5. cxd5 Nxd5 6. Bb5 Nxc3 7. bxc3 Qf6 8.
d4 exd4 9. cxd4 Bb4+ 10. Bd2 Bxd2+ 11. Qxd2 O-O 12. O-O Bg4 13. Be2 Rfe8 14. h3
Bf5 15. Rfc1 Rad8 16. Qb2 Be4 17. Qb5 Rd5 18. Qxb7 Nxd4 19. exd4 Rg5 20. Qb3
Bd5 21. Qd3 Be4 22. Qe3 Rg6 23. Kh1 Bc6 24. Qd3 Be4 25. Qb5 c6 26. Qh5 Rh6 27.
Qg5 Rxh3+ 28. Kg1 Rxf3 29. Qxf6 Rxf6 30. f3 Bd5 31. Bc4 Rf4 32. Bxd5 cxd5 33.
Rc7 Rxd4 34. Rxa7 g6 35. Rc1 Rd2 36. Rcc7 Ree2 37. Rxf7 Rxg2+ 38. Kh1 Rh2+ 39.
Kg1 Rdg2+ 40. Kf1 Rxa2 41. Rg7+ Kh8 42. Rxh7+ Rxh7 43. Rxa2 Rd7 44. Ke2 Kg7 45.
Ra6 Kh6 46. f4 Kh5 47. Kf3 d4 48. Ra1 Kh6 49. Rg1 d3 50. Ke3 d2 51. Rh1+ Kg7
52. Rd1 Kf6 53. Rxd2 Rxd2 54. Kxd2 Kf5 55. Ke3 g5 56. fxg5 Kxg5 1/2-1/2

[Event "Thanet op"]
[Site "Thanet"]
[Date "2017.08.19"]
[Round "3.1"]
[White "Taylor, Martin R"]
[Black "Hand, Freddie"]
[Result "1/2-1/2"]
[WhiteElo "2367"]
[BlackElo "2138"]
[PlyCount "35"]
[EventDate "2017.08.18"]
[EventType "swiss"]
[EventRounds "5"]
[EventCountry "ENG"]
[SourceDate "2017.08.28"]

1. c4 c6 2. g3 d5 3. Bg2 Nf6 4. Nf3 dxc4 5. O-O Nbd7 6. Na3 Nb6 7. Qc2 Qd5 8.
b3 cxb3 9. axb3 g6 10. Nc4 Qd8 11. Bb2 Bg7 12. Ra3 O-O 13. Rfa1 a6 14. Nxb6
Qxb6 15. Bd4 Qc7 16. Be5 Qb6 17. Bd4 Qc7 18. Be5 1/2-1/2

[Event "Thanet op"]
[Site "Thanet"]
[Date "2017.08.19"]
[Round "3.2"]
[White "Merry, Alan"]
[Black "Ilinca, Cristian"]
[Result "1-0"]
[WhiteElo "2423"]
[BlackElo "1692"]
[PlyCount "139"]
[EventDate "2017.08.18"]
[EventType "swiss"]
[EventRounds "5"]
[EventCountry "ENG"]
[SourceDate "2017.08.28"]

1. e4 e6 2. Qe2 c5 3. g3 Nc6 4. Bg2 b6 5. f4 Bb7 6. Nf3 Nge7 7. O-O Nd4 8. Nxd4
cxd4 9. b3 Rc8 10. d3 Qc7 11. Na3 a6 12. Bb2 Nc6 13. Nc4 b5 14. Nd2 Be7 15. Nf3
Qb6 16. a3 a5 17. Rae1 O-O 18. Qf2 Bc5 19. Re2 f6 20. g4 e5 21. f5 Kf7 22. g5
h6 {(=)} 23. gxh6 gxh6 24. Nh4 Rh8 25. Bf3 h5 26. Ng6 Rcg8 27. Qh4 Ke8 28. Rg2
Rh7 29. Qxf6 Qd8 30. Qxd8+ Kxd8 31. f6 Rh6 32. Nh4 Rf8 33. Bc1 Rhxf6 34. Bg5
Kc7 35. Bxf6 Rxf6 36. b4 axb4 37. axb4 Nxb4 38. Bxh5 Rh6 39. Rf5 d6 40. Kf1 Bc8
41. Rf7+ Kb6 42. Rg5 Nxc2 43. Nf5 Rh8 44. Ne7 Ne3+ 45. Kg1 Be6 46. Rf6 Ba2 47.
Ng6 Rg8 48. h4 Ka5 49. Rf2 Bb1 50. Nxe5 Rc8 51. Nd7 Bxd3 52. e5 dxe5 53. Nxe5
Be4 54. Bg6 Bb7 55. Ra2+ Kb4 56. Nd3+ Kb3 57. Rb2+ Kc4 58. Nxc5 Rxc5 59. Bd3+
Kxd3 60. Rxc5 Be4 61. h5 Ng4 62. Rbxb5 Ke3 63. Rg5 Kf4 64. Rxg4+ Kxg4 65. Kf2
Bc6 66. Ra5 Be4 67. h6 Bc2 68. Ke1 Be4 69. Kd2 Bb1 70. Ra7 1-0

[Event "Thanet op"]
[Site "Thanet"]
[Date "2017.08.19"]
[Round "3.3"]
[White "Spink, Benjamin N"]
[Black "Kemp, Paul R"]
[Result "1/2-1/2"]
[WhiteElo "2110"]
[BlackElo "2071"]
[PlyCount "89"]
[EventDate "2017.08.18"]
[EventType "swiss"]
[EventRounds "5"]
[EventCountry "ENG"]
[SourceDate "2017.08.28"]

1. d4 d5 2. Bf4 Nf6 3. e3 Bf5 4. c4 c6 5. Nc3 e6 6. Qb3 Qc8 7. h3 Nbd7 8. Nf3
Be7 9. Rc1 O-O 10. Be2 dxc4 11. Bxc4 Nb6 12. Be2 Ne4 13. O-O Rd8 14. Rfd1 h6
15. Ne5 Bd6 16. Nb5 Bb8 17. f3 Nd6 18. e4 Nxb5 19. Bxb5 Bh7 20. a4 Nd7 21. Bc4
Nxe5 22. dxe5 Bc7 23. Kf1 Bb6 24. Qb4 Qc7 25. Rd6 a5 26. Qa3 g5 27. Bg3 Ba7 28.
Rcd1 Qb6 29. Ke2 Rac8 30. Qb3 Kg7 31. Qc3 Qc7 32. Qd3 Re8 33. Rd7 Qb6 34. Qb3
Qxb3 35. Bxb3 Rb8 36. Be1 Bb6 37. Bc3 Bg8 38. R1d2 Kg6 39. g4 Rbd8 40. R2d3 Ra8
41. Ba2 Rad8 42. Bc4 Ra8 43. Rd1 Rad8 44. R1d3 Ra8 45. Rd1 1/2-1/2

[Event "Thanet op"]
[Site "Thanet"]
[Date "2017.08.19"]
[Round "3.4"]
[White "Bowmer, Kevin"]
[Black "De Coverly, Roger"]
[Result "0-1"]
[WhiteElo "2041"]
[BlackElo "1954"]
[PlyCount "100"]
[EventDate "2017.08.18"]
[EventType "swiss"]
[EventRounds "5"]
[EventCountry "ENG"]
[SourceDate "2017.08.28"]

1. e4 e5 2. Nf3 Nc6 3. Bb5 a6 4. Ba4 Nf6 5. O-O Be7 6. Re1 b5 7. Bb3 d6 8. c3
O-O 9. d4 Bg4 10. d5 Na5 11. Bc2 c6 12. h3 Bc8 13. dxc6 Qc7 14. Nbd2 Qxc6 15.
Nf1 Re8 16. a4 Be6 17. Ng3 g6 18. Bg5 Nc4 19. Qc1 Rac8 20. axb5 axb5 21. Bd3
Ra8 22. Qc2 Nb6 23. Nf1 Bc4 24. b3 Bxd3 25. Qxd3 Rxa1 26. Rxa1 Nxe4 27. Be3 Nd7
28. Ra7 Ndf6 29. c4 bxc4 30. Qxc4 Qxc4 31. bxc4 Bf8 32. N3d2 Rc8 33. f3 Nc5 34.
g4 Nfd7 35. Ng3 Nb8 36. Ra8 Be7 37. Nge4 Nxe4 38. fxe4 Rf8 39. Ra7 Bf6 40. Nb1
Nc6 41. Ra6 Rc8 42. Nc3 Bd8 43. Nd5 Kg7 44. Kf2 Nd4 45. Bxd4 exd4 46. Ke2 Rxc4
47. Kd3 Rc1 48. Kxd4 Rd1+ 49. Ke3 Rh1 50. Kf4 Rxh3 0-1

[Event "Thanet op"]
[Site "Thanet"]
[Date "2017.08.19"]
[Round "3.5"]
[White "Cove, Henry"]
[Black "Bates, Richard"]
[Result "0-1"]
[WhiteElo "1900"]
[BlackElo "2387"]
[PlyCount "30"]
[EventDate "2017.08.18"]
[EventType "swiss"]
[EventRounds "5"]
[EventCountry "ENG"]
[SourceDate "2017.08.28"]

1. d4 Nf6 2. c4 e6 3. g3 Bb4+ 4. Bd2 a5 5. Bg2 d6 6. e4 e5 7. d5 Na6 8. Ne2 Nc5
9. Qc2 Bg4 10. Nec3 c6 11. b3 a4 12. bxa4 Qa5 13. O-O Nxa4 14. Nxa4 Qxa4 15.
Bxb4 Qxc2 0-1

[Event "Thanet op"]
[Site "Thanet"]
[Date "2017.08.19"]
[Round "3.6"]
[White "McBride, Nick"]
[Black "Faldon, David"]
[Result "1/2-1/2"]
[WhiteElo "1900"]
[BlackElo "1911"]
[PlyCount "32"]
[EventDate "2017.08.18"]
[EventType "swiss"]
[EventRounds "5"]
[EventCountry "ENG"]
[SourceDate "2017.08.28"]

1. d4 e6 2. c4 f5 3. Nc3 Nf6 4. Bf4 b6 5. Nf3 Bb7 6. e3 Bb4 7. Qb3 a5 8. a3 a4
9. Qc2 Ba5 10. Be2 Ne4 11. h4 O-O 12. O-O Bxc3 13. bxc3 d6 14. Ng5 Qe7 15. Bf3
Nd7 16. Nxe4 fxe4 1/2-1/2

[Event "Thanet op"]
[Site "Thanet"]
[Date "2017.08.20"]
[Round "4.1"]
[White "Taylor, Martin R"]
[Black "Merry, Alan"]
[Result "1/2-1/2"]
[WhiteElo "2367"]
[BlackElo "2423"]
[PlyCount "234"]
[EventDate "2017.08.18"]
[EventType "swiss"]
[EventRounds "5"]
[EventCountry "ENG"]
[SourceDate "2017.08.28"]

1. d4 e6 2. c4 b6 3. e4 Bb7 4. Bd3 Bb4+ 5. Bd2 Bxd2+ 6. Nxd2 d6 7. Ne2 Nf6 8.
O-O O-O 9. a3 Nbd7 10. Ng3 e5 11. d5 Ne8 12. b4 g6 13. Nb3 Ng7 14. c5 Nf6 15.
a4 a6 16. Qc2 Nfe8 17. f4 exf4 18. Rxf4 h5 19. Raf1 h4 20. Ne2 Nh5 21. R4f2
Nef6 22. Nf4 Nxf4 23. Rxf4 Nh5 24. R4f2 Qe7 25. Qc3 Rae8 26. Qd4 bxc5 27. bxc5
Bc8 28. cxd6 cxd6 29. Nd2 g5 30. Nc4 Nf4 31. Rxf4 gxf4 32. Rxf4 Qg5 33. Qf6
Qxf6 34. Rxf6 Bd7 35. Nb6 Bg4 36. h3 Bh5 37. Rxd6 Kg7 38. Nd7 Rd8 39. Bxa6 f6
40. Bb5 Bg6 41. Nxf8 Rxd6 42. Ne6+ Kf7 43. Bd3 Rb6 44. a5 Rb4 45. Nd8+ Ke8 46.
Nc6 Ra4 47. a6 Bxe4 48. Bxe4 Rxe4 49. Kf2 Ra4 50. a7 Kd7 51. Kf3 Kd6 52. Nd4
Kxd5 53. Nf5 Rxa7 54. Nxh4 Ke5 55. Ng6+ Kf5 56. Nh4+ Kg5 57. g3 Ra3+ 58. Kf2
Ra2+ 59. Ke3 Ra3+ 60. Kf2 Ra1 61. Ke3 Rh1 62. Nf3+ Kg6 63. Kf4 Rxh3 64. g4 Rh1
65. Kg3 Ra1 66. Nh4+ Kf7 67. Kf4 Ke6 68. Ng6 Ra4+ 69. Kf3 Kd5 70. Ne7+ Ke6 71.
Ng6 Ra3+ 72. Ke4 Ra5 73. Kf4 Rb5 74. Kf3 Kd5 75. Kf4 Kd4 76. Ne7 Rb1 77. Kf5
Rf1+ 78. Ke6 Ke4 79. Ng8 Kf4 80. Nxf6 Kg5 81. Nd5 Re1+ 82. Kd6 Kxg4 83. Ne7 Kf4
84. Nd5+ Ke4 85. Ne7 Ra1 86. Nc6 Ra4 87. Kc5 Ra1 88. Kd6 Rh1 89. Kc5 Rd1 90.
Ne7 Rd7 91. Nc6 Rd5+ 92. Kc4 Rh5 93. Nb4 Rh1 94. Kc5 Rd1 95. Nc6 Rd2 96. Ne7
Ke5 97. Nc6+ Ke6 98. Nd4+ Kd7 99. Kd5 Rh2 100. Ke5 Rh5+ 101. Nf5 Rh1 102. Nd4
Ra1 103. Kd5 Ra5+ 104. Ke4 Kd6 105. Nf5+ Kc5 106. Ne3 Ra8 107. Nf5 Re8+ 108.
Kf4 Kd5 109. Ne3+ Kd4 110. Nf5+ Kd3 111. Nd6 Re6 112. Nf5 Re4+ 113. Kg5 Ra4
114. Kf6 Ke4 115. Ng3+ Kf3 116. Nf5 Kf4 117. Nd6 Ra6 1/2-1/2

[Event "Thanet op"]
[Site "Thanet"]
[Date "2017.08.20"]
[Round "4.2"]
[White "Hand, Freddie"]
[Black "Spink, Benjamin N"]
[Result "1/2-1/2"]
[WhiteElo "2138"]
[BlackElo "2110"]
[PlyCount "38"]
[EventDate "2017.08.18"]
[EventType "swiss"]
[EventRounds "5"]
[EventCountry "ENG"]
[SourceDate "2017.08.28"]

1. d4 g6 2. c4 Bg7 3. e4 c5 4. d5 d6 5. Nc3 e6 6. Nge2 a6 7. a4 Ne7 8. h4 h6 9.
Be3 exd5 10. cxd5 Nd7 11. Ng3 Ne5 12. Be2 h5 13. Bg5 Rb8 14. O-O O-O 15. Qd2
Kh7 16. f4 Ng4 17. Bxg4 Bxg4 18. e5 Qd7 19. Rae1 Nf5 1/2-1/2

[Event "Thanet op"]
[Site "Thanet"]
[Date "2017.08.20"]
[Round "4.3"]
[White "Bates, Richard"]
[Black "De Coverly, Roger"]
[Result "1-0"]
[WhiteElo "2387"]
[BlackElo "1954"]
[PlyCount "59"]
[EventDate "2017.08.18"]
[EventType "swiss"]
[EventRounds "5"]
[EventCountry "ENG"]
[SourceDate "2017.08.28"]

1. d4 Nf6 2. Nf3 g6 3. g3 Bg7 4. Bg2 O-O 5. c4 c5 6. d5 d6 7. Nc3 e6 8. dxe6
fxe6 9. Bf4 e5 10. Bg5 h6 11. Bxf6 Bxf6 12. Nd2 Nc6 13. Nde4 Nd4 14. e3 Nf5 15.
Qd5+ Kg7 16. O-O-O a6 17. g4 Nh4 18. Nxd6 Bxg4 19. Qxb7+ Qe7 20. Qxe7+ Bxe7 21.
Bxa8 Bxd1 22. Rxd1 Rxa8 23. Nde4 Rf8 24. Nd5 Bg5 25. Nc7 Rf5 26. Nxa6 Nf3 27.
Naxc5 Nxh2 28. Ne6+ Kf7 29. N6xg5+ hxg5 30. Nd6+ 1-0

[Event "Thanet op"]
[Site "Thanet"]
[Date "2017.08.20"]
[Round "4.5"]
[White "Faldon, David"]
[Black "Bowmer, Kevin"]
[Result "1/2-1/2"]
[WhiteElo "1911"]
[BlackElo "2041"]
[PlyCount "42"]
[EventDate "2017.08.18"]
[EventType "swiss"]
[EventRounds "5"]
[EventCountry "ENG"]
[SourceDate "2017.08.28"]

1. c4 g6 2. e4 c5 3. Nf3 Nc6 4. d4 cxd4 5. Nxd4 Nf6 6. Nc3 Nxd4 7. Qxd4 d6 8.
Bg5 Bg7 9. Qd2 O-O 10. Be2 Be6 11. Rc1 Qa5 12. O-O Rfc8 13. b3 a6 14. Bf3 Rc7
15. Nd5 Qxd2 16. Bxd2 Bxd5 17. exd5 Nd7 18. a4 a5 19. Rfe1 Nc5 20. Rb1 h5 21.
h3 f5 1/2-1/2

[Event "Thanet op"]
[Site "Thanet"]
[Date "2017.08.20"]
[Round "4.6"]
[White "Cove, Henry"]
[Black "McBride, Nick"]
[Result "0-1"]
[WhiteElo "1900"]
[BlackElo "1900"]
[PlyCount "98"]
[EventDate "2017.08.18"]
[EventType "swiss"]
[EventRounds "5"]
[EventCountry "ENG"]
[SourceDate "2017.08.28"]

1. d4 Nf6 2. c4 e6 3. g3 c5 4. d5 exd5 5. cxd5 d6 6. Nc3 g6 7. Bg2 Bg7 8. Nf3
O-O 9. O-O Re8 10. Nd2 Nbd7 11. a4 a6 12. Nc4 Nb6 13. Na3 Bd7 14. Bf4 Nh5 15.
Be3 Rxe3 16. fxe3 Qg5 17. Qd3 f5 18. a5 Re8 19. Nc2 Nc8 20. Ra3 Nf6 21. Rb3 Ng4
22. e4 Qh6 23. h3 c4 24. Qxc4 Ne5 25. Qc7 Qd2 26. Nd1 Qxe2 27. Rxb7 fxe4 28.
Nd4 Qd3 29. Ne6 Qxd5 30. Nxg7 Kxg7 31. Kh2 Re7 32. Nc3 Qd3 33. Rd1 Qc2 34. Qd8
Nf7 35. Qxe7 Nxe7 36. Rxd7 Nf5 37. Rf1 e3 38. g4 e2 39. Nxe2 Qxe2 40. gxf5 Qe5+
41. Kh1 gxf5 42. Rd1 Kg6 43. Bd5 Ng5 44. Bg2 Ne4 45. Kg1 Qc5+ 46. Kh2 Qc8 47.
Re7 Qb8 48. Kg1 Qb3 49. Bxe4 Qxd1+ 0-1

[Event "Thanet op"]
[Site "Thanet"]
[Date "2017.08.20"]
[Round "5.1"]
[White "Merry, Alan"]
[Black "Kemp, Paul R"]
[Result "1-0"]
[WhiteElo "2423"]
[BlackElo "2071"]
[PlyCount "59"]
[EventDate "2017.08.18"]
[EventType "swiss"]
[EventRounds "5"]
[EventCountry "ENG"]
[SourceDate "2017.08.28"]

1. e4 c6 2. d4 d5 3. Nd2 dxe4 4. Nxe4 Bf5 5. Ng3 Bg6 6. h4 h6 7. Nf3 Nd7 8. h5
Bh7 9. Bd3 Bxd3 10. Qxd3 e6 11. Bd2 Ngf6 12. O-O-O Qc7 13. Ne4 O-O-O 14. Kb1
Nc5 15. Nxc5 Bxc5 16. Rh4 Bd6 17. Qe2 Kb8 18. c4 c5 19. dxc5 Qxc5 20. Be3 Qf5+
21. Ka1 e5 22. Rc1 Bc7 23. Ne1 Rd7 24. c5 Nd5 25. Qb5 Re7 26. c6 Nb6 27. cxb7
Kxb7 28. Nd3 Rc8 29. Nc5+ Kb8 30. Na6+ 1-0